Real Estate investment strategy (Record no. 15004)
[ view plain ]
| 000 -LEADER | |
|---|---|
| fixed length control field | 00326nam a22001337a 4500 |
| 020 ## - INTERNATIONAL STANDARD BOOK NUMBER | |
| International Standard Book Number | 0471775606 |
| 082 ## - DEWEY DECIMAL CLASSIFICATION NUMBER | |
| Classification number | 332.63240973 SEL |
| 100 ## - MAIN ENTRY--PERSONAL NAME | |
| Personal name | Seldin,Maury |
| 245 ## - TITLE STATEMENT | |
| Title | Real Estate investment strategy |
| 260 ## - PUBLICATION, DISTRIBUTION, ETC. | |
| Place of publication, distribution, etc. | London |
| Name of publisher, distributor, etc. | wiley- Interscience |
| Date of publication, distribution, etc. | 1970 |
| 300 ## - PHYSICAL DESCRIPTION | |
| Extent | xiii, 248p. |
| Other physical details | 22cm. |
| 500 ## - GENERAL NOTE | |
| General note | Include index |
| 942 ## - ADDED ENTRY ELEMENTS (KOHA) | |
| Koha item type | Books |
| Withdrawn status | Lost status | Damaged status | Not for loan | Home library | Current library | Date acquired | Total Checkouts | Full call number | Barcode | Date last seen | Price effective from | Koha item type |
|---|---|---|---|---|---|---|---|---|---|---|---|---|
| IFM Main Campus Library | IFM Main Campus Library | 01/26/2016 | 332.63240973 SEL | 0000001275 | 01/26/2016 | 01/26/2016 | Books |
